| 000 | 01423nam a2200253Ia 4500 | ||
|---|---|---|---|
| 003 | Ost | ||
| 005 | 20260507075754.0 | ||
| 008 | 260507s9999||||xx |||||||||||||| ||und|| | ||
| 020 | _a9789931140597 | ||
| 040 | _cfsecg | ||
| 041 | _aara | ||
| 082 | _a332.1 | ||
| 100 |
_aمعمر، فطوم _eمؤلف |
||
| 245 | 0 |
_a فرص و تحديات النظام المصرفي الجزائري في ظل متغيرات البيئة المصرفية الدولية / _c فطوم معمر |
|
| 260 |
_aالجزائر: _bدار الأجيال الرقمي, _c2023 |
||
| 300 |
_a233 صفحة؛ _bإيضاحات ؛ _c24 سم |
||
| 504 | _aمراجع ص.209-228 | ||
| 520 | _aالنظام المالي كدعامة أساسية للنظام المصرفي،وأساسيات حول النظام المصرفي، كذلك نشأته وتطوره، إضافة إلى التوجهات الحديثة للنظام المصرفي الجزائري، وآليات عصرنته، كذالك دعم تبني الصيرفة الاسلامية في النظام المصرفي الجزائري، والمؤسسات النقدية والدولية و صندوق النقد الدولي، مفاهيمه وأسسه. | ||
| 653 | _aالبنوك التجارية | ||
| 653 | _aالبنوك الدولية | ||
| 653 | _aالبنوك- الجزائر | ||
| 700 |
_a غربي، يسين سي لاخضر _eمؤلف ثانوي |
||
| 942 | _cكتاب | ||
| 999 |
_c46238 _d46238 |
||